00634 2200217 4500001002100000005001500021035002000036007000300056008004100059020002200100082001700122084002300139100002600162245004500188250002000233260006800253300003200321650002000353650002600373990001700399INLIS00000000000085520250712020914 a0010-0725000855ta250712 a 0 ind  a978-623-307-228-1 a398. 209 598 a398. 209 598 RIA d0 aRianas, Laveta Pamela1 aDanau Laut Tador /cLaveta Pamela Rianas aCetakan Pertama aJakarta Timur :bBadan Pengembangan dan Pembinaan Bahasa,c2024 a28 hlm. :bIlus. ;c29,7 cm 4aKomik-Indonesia 4aLiterasi-Bahan Bacaan aTBM202400646